000 00592nam a22001817a 4500
003 BD-DhUL
005 20180905110033.0
008 180905s1987 ua ||||| |||| 00| 0 ara d
040 _aBD-DhUL
_cBD-DhUL
082 _a892.71009
_bREW
100 1 _aرضا، جلیلة
245 1 _aوقفة مع الشعروالشعراء /
_cجلیلة رضا
260 _aالقاهرة :
_bالھیئۃ المصریۃ العامۃ للکتاب،
_c۱۹۸۷۔
300 _aص۔ ۱۶۳ ؛
_c۲۴ سم۔
365 _aBDT
_b500.00
650 4 _aArabic poetry - History and criticism
942 _2ddc
_cBK
999 _c243279
_d243279